000 00350 a2200145 4500
001 170287
020 _a
040 _cMagnum
100 _aLemme, Paschoal
240 1 0 _aEstudos de educacao e destaques da correspondencia
_lpor
245 1 0 _aEstudos de educacao e destaques da correspondencia
362 0 _a1899
697 _aGERAL
942 _cBK
999 _c170287
_d170287